Luna Barroca

Uloženo v:
Podrobná bibliografie
Hlavní autor: Nacidit-Perdomo, Ylonka
Médium: Kniha
Jazyk:Undetermined
Vydáno: Santo Domingo, República Dominicana Búho 1996
Témata:
Tagy: Přidat tag
Žádné tagy, Buďte první, kdo vytvoří štítek k tomuto záznamu!

MARC

LEADER 00000nam a2200000Ia 4500
008 170316s9999 xx 000 0 und d
040 |a cru BVZT 
090 |a 860 N-1L 
100 |a Nacidit-Perdomo, Ylonka 
245 |a Luna Barroca 
260 |a Santo Domingo, República Dominicana 
260 |b Búho 
260 |c 1996 
300 |a 78 páginas 
650 |a LITERATURA LATINOAMERICANA 
999 |c 8993  |d 8993 
942 |c 15 D  |h 860 N-1L  |2 z